| 000 | 03760nam a22002297a 4500 | ||
|---|---|---|---|
| 001 | 6659 | ||
| 003 | FISKH | ||
| 005 | 20250519122232.0 | ||
| 008 | 250519b cb ||||| |||| 00| 0 eng d | ||
| 040 |
_aFISKH _bkhr _cFISKH _dFISKH |
||
| 082 | _a294.5922 | ||
| 100 | _aHab Ann, Leang | ||
| 245 |
_aរឿង រាមកេរ្ត៏ : _bរាមកេរ្ត៏ បែបខ្មែរ, រាមាយណ: បែបឥណ្ឌា / _cលាង ហាប់អាន |
||
| 260 |
_aភ្នំពេញ : _bលាងហាប់អាន, |
||
| 300 |
_a100 pages : _billustrations ; _c20 cm . |
||
| 520 | _aរឿង "រាមកេរ្ត៏" គឺជាបទពិសោធន៍មួយដែលផ្តោតលើសេចក្ដីសោកស្តាយ និងការពិចារណាអំពីអត្តសញ្ញាណ និងកេរ្តិ៍ឈ្មោះរបស់មនុស្សម្នាក់។ មានការបែងចែករឿងជា ២ ប្រភេទ៖ ១. រាមកេរ្ត៏បែបខ្មែរ៖ ជារឿងដែលផ្ដោតលើតំលៃនៃកេរ្តិ៍ឈ្មោះ និងសុចរិតភាពក្នុងសង្គមខ្មែរ។ វាបង្ហាញពីការរក្សាកេរ្តិ៍ឈ្មោះ និងការគោរពទំនៀមទាំមួលក្នុងសង្គមខ្មែរ។ រឿងនេះជាសេចក្ដីពិចារណាអំពីតម្លៃនៃកេរ្តិ៍ឈ្មោះ និងការថែរក្សាសេចក្ដីសុចរិតក្នុងជីវិតប្រចាំថ្ងៃ។ ២. រាមយណះ បែបឥណ្ឌា៖ ជារឿងដែលផ្ដោតលើការចងចាំ និងការពិចារណាអំពីកេរ្តិ៍ឈ្មោះក្នុងបរិបទឥណ្ឌា។ វាពិចារណាអំពីការពង្រឹងកេរ្តិ៍ឈ្មោះតាមរយៈប្រវត្តិសាស្រ្ត និងវัฒនភាពសង្គមឥណ្ឌា។ រឿងនេះផ្ដល់ឱកាសដល់ការយល់ដឹងលើតំលៃនៃកេរ្តិ៍ឈ្មោះ និងការរក្សាទុកវាសម្រាប់មនុស្សជំនាន់ក្រោយ។ | ||
| 520 | _aThe story "Ream Keo" is an experience that focuses on sadness and reflection on a person's identity and reputation. The story is divided into two types: Khmer-style Ream Keo: This type of story emphasizes the value of reputation and integrity within Khmer society. It highlights the importance of preserving one's honor and respecting traditional customs in Khmer culture. This narrative reflects on the significance of reputation and maintaining moral integrity in everyday life. Indian-style Ream Yanha: This type of story focuses on remembrance and reflection on reputation within the Indian context. It considers how to strengthen one's reputation through history and societal development in India. This narrative offers insights into the value of reputation and the importance of preserving it for future generations. In summary, "Ream Keo" stories explore the significance of reputation and morality in human life, comparing perspectives from Khmer and Indian cultures. They showcase the differences and developments in personal identity and social values across different societies. | ||
| 650 | _aរាមកេរ្ត៏ | ||
| 650 | _aReam Ke | ||
| 942 |
_2ddc _cKHB _n0 |
||
| 999 |
_c6659 _d6659 |
||